| 000 | 00337cam a22001097a 4500 | ||
|---|---|---|---|
| 008 | 180718b1978 xxu||||| |||| 00| 0 eng d | ||
| 082 | _aT000x5444 R18p | ||
| 245 |
_aPlanning in perspective : policy choices in planning for Karnataka _cedited by V.K.R.V.Rao |
||
| 260 |
_aBombay _bAllied _c1978 |
||
| 300 | _ax,319p. | ||
| 700 | _aRao, V.K.R.V. | ||
| 999 |
_c431303 _d431303 |
||